000 00787nam a2200229Ia 4500
003 IN-BaIIA
008 211028s9999 xx 000 0 eng d
040 _cIIA Library
080 _a048.1.:52/69-1
245 0 _aAstronomy and astrophysics abstracts
_bvol. 1
_cedited by W. Fricke, ed.…[et al.]
260 _aBerlin
_bSpringer-Verlag
_c1969
300 _ax, 435p.
650 _aAbstracts-Astronomy and Astrophysics
_96051
650 _aAstronomy and Astrophysics Abstracts
_96052
650 _aAstronomy and Astrophysics Thesaurus
700 _aFricke, W., ed.
_96053
700 _aGuntzel-Lingner, U.,ed.
_96054
700 _aHenn, F., ed.
_96055
700 _aKrahn, D., ed.
_96056
700 _aZech, ed.
_96057
942 _cBK
999 _c3420
_d3420